Statistiques concernant Quizz ville de Pierrelatte

Cliquez ici pour prendre le quiz!

Statistiques générales

  • Ce quiz a été pris 8 fois
  • Le résultat moyen est 7 sur 10

Statistiques - réponses

QuestionsRéponse% Correct
Dans quel département se situe Pierrelatte?La Drôme
100%
Quel fleuve traverse Pierrelatte?Le Rhône
100%
Comment se nomme la centrale nucléaire à Pierrelatte?Tricastin
100%
Dans quelle région se situe Pierrelatte?Auvergne-Rhône-Alpes
83%
Quelle célèbre réserve tropicale se trouve à Pierrelatte?La ferme aux crocodiles
83%
Quel est le code postale de la ville de Pierrelatte?26700
67%
Quel est le nom du maire élu actuel (2020-2026)?Alain Gallu
50%
Quelle créature légendaire est devenue un des symboles de la villeGargantua
50%
Quel monument de Pierrelatte qui surplombe la ville est à ce jour utilisé comme théâtre?Le Rocher
50%
comment se nomme le lac artificiel à Pierrelatte?Pignedoré
50%

Distribution des résultats

Percentile par nombre de réponses

% des personnes avec chaque résultat

Votre développement - résultats

Vous n’avez pas pris ce quiz